000 00345 a2200157 4500
001 179652
020 _a
040 _cMagnum
100 _aRios, Rosana
240 1 0 _aIurumi, o tamandua-bandeira
_lpor
245 1 0 _aIurumi, o tamandua-bandeira
362 0 _a1899
440 1 _aScipione
697 _aMAGNITO: IJ/PARADIDATICO
942 _cBK
999 _c179652
_d179652